Eminem Albums by Cover - Statistics

General Stats
  • This quiz has been taken 51 times
  • The average score is 11 of 12
Answer Stats
Picture Hint Answer % Correct
2010 Recovery
100%
2002 The Eminem Show
100%
2004 Encore
98%
1996 Infinite
98%
2018 Kamikaze
98%
2009 Relapse
98%
2020 Music to be Murdered by
96%
2017 Revival
93%
2024 The Death of Slim Shady
93%
1998 The Slim Shady LP
93%
2000 The Marshall Mathers LP
89%
2013 The Marshall Mathers LP 2
87%
No matching quizzes found
Score Distribution
Percent of People with Each Score
Percentile by Number Answered
Your Score History
You have not taken this quiz